[Event "Florianopolis op 11th"]
[Site "Florianopolis"]
[Date "2025.01.20"]
[Round "4"]
[White "Telles, Arnoldo Beber"]
[Black "Pavoni, Felipe Stevanin"]
[Result "1/2-1/2"]
[WhiteElo "1624"]
[BlackElo "1878"]
[PlyCount "60"]
[EventDate "2025.01.18"]
[EventType "swiss"]
[EventRounds "10"]
[EventCountry "BRA"]
[SourceTitle "CB05_2025"]
[SourceDate "2025.01.29"]
[SourceVersion "1"]
[SourceVersionDate "2025.01.29"]
[SourceQuality "1"]

1. b3 d6 2. Bb2 e5 3. e3 Nf6 4. c4 Be7 5. Be2 0-0 6. d3 c6 7. Nf3 h6 8. Nc3 Nbd7 9. 0-0 Nh7 10. d4 f5 11. dxe5 dxe5 12. Qc2 Qc7 13. a3 g5 14. c5 g4 15. Nd2 Nxc5 16. b4 Ne6 17. Bc4 Kh8 18. Bxe6 Bxe6 19. Nb5 Qb8 20. Nc3 Bf6 21. Ne2 Qe8 22. f4 gxf3 23. Nxf3 e4 24. Nfd4 Bd5 25. Nxf5 Qg6 26. Ne7 Qg7 27. Nf4 Bf7 28. Qxe4 Bxb2 29. Nfg6+ Bxg6 30. Nxg6+ Kg8 1/2-1/2

[Event "Florianopolis Winter op 8th"]
[Site "Florianopolis"]
[Date "2024.07.12"]
[Round "6"]
[White "Da Silva, Leticia Alice"]
[Black "Pavoni, Felipe Stevanin"]
[Result "1/2-1/2"]
[WhiteElo "1690"]
[BlackElo "1822"]
[PlyCount "106"]
[EventDate "2024.07.09"]
[EventType "swiss"]
[EventRounds "9"]
[EventCountry "BRA"]
[SourceTitle "CBM 221 Extra"]
[Source "ChessBase"]
[SourceDate "2024.09.30"]
[SourceVersion "1"]
[SourceVersionDate "2024.09.30"]
[SourceQuality "1"]

1. e4 c5 2. Nf3 d6 3. d4 cxd4 4. Nxd4 Nf6 5. Nc3 a6 6. g3 e5 7. Nde2 Be7 8. Bg2 Be6 9. Nd5 Nxd5 10. exd5 Bf5 11. Nc3 Nd7 12. Be3 Nb6 13. b3 Rc8 14. Ne4 Bg6 15. h4 h6 16. h5 Bh7 17. Qg4 Nxd5 18. Qxg7 Bf6 19. Nxf6+ Qxf6 20. Qxf6 Nxf6 21. Bxb7 Rxc2 22. Bxa6 Be4 23. Rh4 Ke7 24. Rxe4 Nxe4 25. Bd3 Rb2 26. Bxe4 Ke6 27. Bg2 d5 28. Bh3+ Kd6 29. Bc1 Rc2 30. Ba3+ Kc6 31. Bf5 e4 32. f3 Kb6 33. fxe4 dxe4 34. Bc1 Rh2 35. Be3+ Kb5 36. a4+ Kb4 37. Bd2+ Kxb3 38. Rb1+ Ka2 39. Rb4 Rxh5 40. g4 Rh1+ 41. Ke2 Rd8 42. Bf4 Ka3 43. Rxe4 f6 44. Re3+ Kxa4 45. Bc2+ Kb4 46. Be4 Ra1 47. Bxh6 Kc4 48. Kf3 Rf1+ 49. Kg3 Rg1+ 50. Bg2 Rf8 51. Re4+ Kd3 52. Re3+ Kd4 53. Re4+ Kd3 1/2-1/2